Formas literarias en los pueblos románicos /

Conjunto de estudios del crítico alemán Karl Vossler sobre los orígenes y desarrollos de los diferentes géneros y expresiones literarias en lenguas romances durante la Edad Media.

محفوظ في:
التفاصيل البيبلوغرافية
المؤلف الرئيسي: Vossler, Karl (autor)
مؤلفون آخرون: Clavería Lizana, Carlos (traducción) (traducción)
التنسيق: كتاب
اللغة:الإسبانية
منشور في: Buenos Aires, Argentina : Espasa-Calpe, 1944, c1944
سلاسل:(Austral ; 455)
الموضوعات:
الوسوم: إضافة وسم
لا توجد وسوم, كن أول من يضع وسما على هذه التسجيلة!

MARC

LEADER 00000nam^a2200000^a^4500
001 000138107
005 20250521000000.0
009 20260310095418.514
037 |a Acervo ITESO - Biblioteca 
041 |a ESP 
082 |a 808.  |b AUS V. 455 
100 |a Vossler, Karl  |e (autor) 
245 1 0 |a Formas literarias en los pueblos románicos /  |c K. Vossler ; tr. por C. Clavería Lizana. 
264 4 |a Buenos Aires, Argentina :  |b Espasa-Calpe,  |c 1944, c1944 
300 |a 159 p. 
336 |a texto  |b txt  |2 rdacontenido 
337 |a sin mediación  |b n  |2 rdamedio 
338 |a volumen  |b nc  |2 rdasoporte 
440 1 |a (Austral ;  |v 455) 
520 |a Conjunto de estudios del crítico alemán Karl Vossler sobre los orígenes y desarrollos de los diferentes géneros y expresiones literarias en lenguas romances durante la Edad Media. 
545 0 |a Karl Vossler (Stuttgart, 1872 – Munich, 1949), filólogo y crítico alemán especializado en las literaturas románicas, con un conocimiento profundo de todas ellas, pero en particular de la italiana. El alemán reconocía la esencia del lenguaje en la creación expresiva individual, a la que en un momento posterior se añade la aceptación social, con sus condicionamientos prácticos. Son célebres su estudio y traducción de La divina comedia (1907-1910 y 1924) y la Correspondencia que mantuvo con Benedetto Croce (1951), quizás la mayor influencia intelectual en el alemán. Algunos de sus trabajos traducidos al castellano son La Fontaine y sus fábulas (1919), Espíritu y cultura en el lenguaje (1925), Jean Racine (1926), Cultura y lengua de Francia: historia de la lengua literaria francesa desde los comienzos hasta el presente (1929), Lope de Vega y su tiempo (1932), Introducción a la literatura española del Siglo de Oro (1933), La poesía de la soledad en España (1940) y Fray Luis de León (1943). 
649 |a XX 
650 |a Géneros Literarios -  |x Historia y Crítica 
650 |a Literatura Románica -  |x Historia y Crítica -  |x Tema Principal 
650 |a Literatura Medieval -  |x Historia y Crítica -  |x Tema Principal 
650 |a Lenguas Romances -  |x Historia 
700 |a Clavería Lizana, Carlos  |e (traducción) 
910 |a Fondo Salvador Reynoso Reynoso 
920 |a Impresos - Libros 
930 |a Fondos Especiales 
940 |a Literatura 
905 |a 112 
901 |a 0800014608  |b IT2  |c ESP  |u 20250521 
902 |a https://opac.biblio.iteso.mx/vufind/Record/000138107